=LDR 00000nam 2200000 4500 =001 INLIS000000000001568 =005 20130612085954 =008 ***********************************Ind** =035 ##$$0010-061300000001568 =041 ##$$a Ind =082 ##$$a 372.357 =090 ##$$a 372.357, Wah-i =100 ##$$a WAHYUDI =245 ##$$a IPA untuk SD, Wahyudi, Muzahid =260 ##$$a 2000 $b Surakarta =300 ##$$a ...jil, ilus, 28 cm =650 ##$$a IPA =650 ##$$a Pendidikan Dasar =700 ##$$a MUZAHID =850 ##$$a NBPNMAT